000 00403nam a22001577a 4500
003 NUST
020 _a9780367365745
038 _aKhadija
082 _a006.3024
_bGRO
100 _aGroom
_991979
245 _aArtificial Intelligence And Machine Learning For Business For Non-Engineers /
_cFrank M. Groom
260 _aNew York
_bCRC Press
_c2020
300 _a147p
563 _aHB
942 _2ddc
_cBK
999 _c590096
_d590096